Panoramas do Sul artistas convidados (notice n° 8376)

détails MARC
000 -Label
leader 01774cam0a2200349 4500
010 ## - ISBN
ISBN 9788594930637
010 ## - ISBN
ISBN 8594930631
010 ## - ISBN
ISBN 9788599277102
010 ## - ISBN
ISBN 8599277103
099 ## - Informations locales
Type de document Livre
100 ## - Données générales de traitement
a 20230202d2017 k y0frey50 ba
101 2# - Langue
langue document portugais
-- anglais
102 ## - Pays d'édition ou de production
pays d'édition Brésil
200 1# - Titre
titre propre Panoramas do Sul artistas convidados
sous-titre 19° Festival de Arte Contemporânea Sesc_Videobrasil
type de document Livre
auteur Danilo Santos de Miranda
210 ## - Editeur
nom de l'éditeur Sesc
date de publication 2015
215 ## - Description
Importance matérielle 124p.
autres carac. illustrations en couleur, couverture illustrée
format 23 cm
300 ## - Note
note Catalogue de la 19e édition du Festival de Arte Contemporânea Sesc_Videobrasil
330 ## - Résumé
Résumé The present catalog intertwines art, culture, astronomy, biology, history and geography, amongst other areas of knowledge, so to make more evident the breaking of the boundaries between art and science. More than that, it integrates ancestral cosmovisions to a critical thought on the global political conjecture, a topic present in many of the works of the fifty artists of more than twenty countries participating in the Festival.ʺ (HKB Translation) --Page 8
606 ## - sujets
numéro de la notice d'autorité 027312984
sujet Art vidéo
numéro de la notice d'autorité 02722953X
subdiv. géo. Brésil
numéro de la notice d'autorité 050665391
subdiv. chrono. 2000-....
koha internal code 21693
606 ## - sujets
sujet Video art
subdiv. sujet Exhibitions
koha internal code 21694
606 ## - sujets
sujet Art, Modern
subdiv. chrono. 21st century
subdiv. sujet Exhibitions
koha internal code 7718
606 ## - sujets
sujet Video art
subdiv. géo. Brazil
subdiv. sujet Exhibitions
koha internal code 21695
701 ## - coauteur
nom Danilo Santos de
prénom Miranda
code de fonction Directeur de collection
koha internal code 21696
710 02 - auteur
numéro de la notice d'autorité 177519754
élément d'entrée Associação cultural videobrasil
code de fonction Collectivité éditrice
Champ interne Koha 21697
711 02 - Collectivité coauteur
numéro de la notice d'autorité 267473702
élément d'entrée Festival de arte contemporânea Sesc_Videobrasil
code de fonction Collectivité éditrice
champ interne Koha 21698
801 #3 - source de catalogage
pays FR
agence de catalogage Abes
date de la transaction 20230206
règles de catalogage utilisées AFNOR
801 #0 - source de catalogage
agence de catalogage STF
règles de catalogage utilisées AACR2
pays TN
date de la transaction 20250618
801 #2 - source de catalogage
agence de catalogage H7K
règles de catalogage utilisées AACR2
pays TN
date de la transaction 20250618
801 #2 - source de catalogage
agence de catalogage 32BIS
pays TN
830 ## - note
catalogeur MS
Exemplaires
Propriétaire Dépositaire Localisation Code barre Numéro Inventaire Cote Note Statut
The 32bis Library The 32bis Library Salle de lecture 32BIS 006207 6133 709.8 MIR Don J.M. Consultable sur place
32 bis, rue Ben Ghedhahem 1000 Tunis - Tunisie www.32bis.org
Contact : mediatheque@32bis.org